| 000 | 01057cam a2200337 i 4500 | ||
|---|---|---|---|
| 001 | 0000796 | ||
| 003 | DO-SdBPM | ||
| 005 | 20260310094655.0 | ||
| 007 | ta | ||
| 008 | 1802082003 sp a||||| |||| 00| 0 spa d | ||
| 020 | _a842045236X | ||
| 040 |
_a DO-SdBPM _bspa _cBPMSU _erda |
||
| 080 | _a | ||
| 082 | 0 | 4 |
_aA861.6 _bW223c 2003 _222 |
| 100 | 1 |
_aWalsh, María Elena _d1930-2011. _eautor _4aut. |
|
| 245 | 1 | 0 |
_aCanciones para mirar / _cMaria Elena Walsh< ilustraciones Silvia Jacoboni (Perica) |
| 250 | _a3.ed. | ||
| 264 |
_aMéxico : _bAlfaguara, _c2003. |
||
| 300 |
_a127páginas : _bilustraciones . ; _c20 cm. |
||
| 336 |
_atexto _btxt _2rdacontent |
||
| 337 |
_asin mediación _bn _2rdamedia |
||
| 338 |
_avolumen _bnc _2rdacarrier |
||
| 490 | 0 | _aAlfaguara infantil | |
| 590 | _aInventariado, 2026/VM | ||
| 650 | 7 | _aCanciones infantiles | |
| 650 | 7 |
_aAnimales _vPoesías |
|
| 650 | 7 | _aPoesías infantiles argentina | |
| 700 | 1 |
_aJacoboni, Silvia _eilustraciones |
|
| 910 | _aVMateo V. Control de calidad. BPMSU | ||
| 942 |
_2ddc _cBK |
||
| 999 |
_c11863 _d11863 |
||